BSOP header

拿破崙時代 Napolun shi dai (Record no. 35418)

MARC details
000 -LEADER
fixed length control field 01473nam a2200265 4500
008 - FIXED-LENGTH DATA ELEMENTS--GENERAL INFORMATION
fixed length control field 110301s1998 ch ab 000 0 chi
090 ## - LOCALLY ASSIGNED LC-TYPE CALL NUMBER (OCLC); LOCAL CALL NUMBER (OCLC)
Classification number (OCLC) (R) ; Classification number, CALL (RLIN) (NR) CB53
Local cutter number (OCLC) ; Book number/undivided call number, CALL (RLIN) D93
-- 11.3
100 1# - MAIN ENTRY--PERSONAL NAME
Personal name 威爾・杜蘭 Durant, Will,
Dates associated with a name 1885-1981
245 10 - TITLE STATEMENT
Title 拿破崙時代 Napolun shi dai
246 10 - VARYING FORM OF TITLE
Title proper/short title Age of Napoleon {ch} /
-- 威爾・杜蘭 Wei'er Dulan zhu ; 幼獅文化公司編譯 You shi wen hua gong si bian yi
260 ## - PUBLICATION, DISTRIBUTION, ETC. (IMPRINT)
Place of publication, distribution, etc 臺北市 Taibei shi :
Name of publisher, distributor, etc 幼獅文化事業公司 You shi wen hua shi ye gong si,
Date of publication, distribution, etc c[1998]
300 ## - PHYSICAL DESCRIPTION
Extent 4 v. :
Other physical details ill., maps ;
Dimensions 22 cm.
490 1# - SERIES STATEMENT
Series statement 世界文明史 Shi jie wen ming shi = The story of civilization ;
Volume number/sequential designation 第11卷 di 11 juan
504 ## - BIBLIOGRAPHY, ETC. NOTE
Bibliography, etc Includes bibliographical references and indexes
505 0# - FORMATTED CONTENTS NOTE
Formatted contents note Pt. 1. 法國大革命 Faguo da ge ming -- pt. 2. 法國大革命與英國 Faguo da ge ming yu Yingguo -- pt. 3. 拿破崙與歐陸 Napolun yu Ou lu -- pt. 4. 拿破崙的升沈[i.e. 沉] Napolun de sheng shen [i.e. chen]
600 14 - SUBJECT ADDED ENTRY--PERSONAL NAME
Personal name Napoleon I, Emperor of the French, 1769-1821 {ch}
651 #4 - SUBJECT ADDED ENTRY--GEOGRAPHIC NAME
Geographic name Europe
General subdivision Civilization {ch}
651 #4 - SUBJECT ADDED ENTRY--GEOGRAPHIC NAME
Geographic name Europe
General subdivision History
Chronological subdivision 1789-1815 {ch}
951 ## - EQUIVALENCE OR CROSS-REFERENCE-GEOGRAPHIC NAME/AREA NAME [OBSOLETE] [CAN/MARC only]
General subdivision 00040137
700 1# - ADDED ENTRY--PERSONAL NAME
Personal name 幼獅文化公司編譯 You shi wen hua gong si bian
740 02 - ADDED ENTRY--UNCONTROLLED RELATED/ANALYTICAL TITLE
Uncontrolled related/analytical title Napolun de sheng shen [i.e. chen]
740 02 - ADDED ENTRY--UNCONTROLLED RELATED/ANALYTICAL TITLE
Uncontrolled related/analytical title 拿破崙與歐陸 Napolun yu Ou lu
740 02 - ADDED ENTRY--UNCONTROLLED RELATED/ANALYTICAL TITLE
Uncontrolled related/analytical title 法國大革命 Faguo da ge ming
740 02 - ADDED ENTRY--UNCONTROLLED RELATED/ANALYTICAL TITLE
Uncontrolled related/analytical title 法國大革命與英國 Faguo da ge ming yu Yingguo
951 ## - EQUIVALENCE OR CROSS-REFERENCE-GEOGRAPHIC NAME/AREA NAME [OBSOLETE] [CAN/MARC only]
-- C-10347
-- REF-CHCB53/D93/11.3
-- 110301150602859
-- 2000-12-21
-- Ref-CH
Holdings
Withdrawn status Lost status Damaged status Not for loan Home library Current library Shelving location Date acquired Accession number Shelving control number Total Checkouts Full call number Barcode Date last seen Price effective from Koha item type
        BSOP Library BSOP Library   12/21/2000 C-10347 127   REF-CHCB53/D93/11.3 00040137 02/23/2013 02/23/2013 Books
BSOP

Biblical Seminary of the Philippines
  All rights Reserved
  © 2024

CONTACT INFORMATION

Biblical Seminary of the Philippines,
  77-B Karuhatan Road, Valenzuela City,
  PHILIPPINES 1441
  Phone: +632 8292-6795 / 8292-6798
  Fax : +632 8292-6675
  Email: library@bsop.edu.ph